Problem-solving cases in microsoft access and excel

Guardat en:
Dades bibliogràfiques
Autor principal: Brady, Joseph A.
Format: Llibre
Idioma:Undetermined
Publicat: Australia Thomson 2004
Matèries:
Etiquetes: Afegir etiqueta
Sense etiquetes, Sigues el primer a etiquetar aquest registre!
Thư viện lưu trữ: Trung tâm Học liệu Trường Đại học Cần Thơ
LEADER 00582nam a2200205Ia 4500
001 CTU_179569
008 210402s9999 xx 000 0 und d
020 |c 3.98 
082 |a 005.3 
082 |b B798 
100 |a Brady, Joseph A. 
245 0 |a Problem-solving cases in microsoft access and excel 
245 0 |c Joseph A. Brady, Ellen F. Monk 
260 |a Australia 
260 |b Thomson 
260 |c 2004 
650 |a Business,Microsoft Excel,Microsoft Access 
650 |x Computer programs 
904 |i Nhung 
980 |a Trung tâm Học liệu Trường Đại học Cần Thơ